Miss Howard : La femme qui fit un empereur

Gardado en:
Detalles Bibliográficos
Autor Principal: Maurois, André
Formato: Libro
Idioma:Undetermined
Publicado: París, Francia Gallimard 1956
Edición:7
Materias:
Etiquetas: Engadir etiqueta
Sen Etiquetas, Sexa o primeiro en etiquetar este rexistro!

MARC

LEADER 00000nam a2200000Ia 4500
008 170316s9999 xx 000 0 und d
040 |a cru BVZT 
090 |a 840 M-16mi 
100 |a Maurois, André 
245 |a Miss Howard : La femme qui fit un empereur 
250 |a 7 
260 |a París, Francia 
260 |b Gallimard 
260 |c 1956 
300 |a 318 páginas 
650 |a LITERATURA FRANCESA 
999 |c 7802  |d 7802 
942 |c 15 D  |h 840 M-16mi  |2 z